Catálogo - Centro de Recursos para el Aprendizaje y la Investigación

Volver al Sitio - CRAI Biblioteca

Azorianos en Santo Domingo : (Registro nro. 114028)

Detalles MARC
000 -CABECERA
campo de control de longitud fija 00910nam a22002177a 4500
001 - NÚMERO DE CONTROL
campo de control 114028
003 - IDENTIFICADOR DEL NÚMERO DE CONTROL
campo de control DR-UNIBE
005 - FECHA Y HORA DE LA ÚLTIMA TRANSACCIÓN
campo de control 20250807113125.0
008 - DATOS DE LONGITUD FIJA--INFORMACIÓN GENERAL
campo de control de longitud fija 250807b2025 dr ||||| |||| 00| 0 spa d
020 ## - NÚMERO INTERNACIONAL ESTÁNDAR DEL LIBRO
Número Internacional Estándar del Libro 9789945945317
040 ## - FUENTE DE LA CATALOGACIÓN
Centro catalogador/agencia de origen BIBLIOTECA UNIBE
Centro/agencia transcriptor BIBLIOTECA UNIBE
Normas de descripción rda
041 ## - CÓDIGO DE LENGUA
Código de lengua del texto/banda sonora o título independiente spa
082 ## - NÚMERO DE LA CLASIFICACIÓN DECIMAL DEWEY
Número de clasificación RD 304.8 C824a
100 10 - ENTRADA PRINCIPAL--NOMBRE DE PERSONA
Nombre de persona Corrêa, Luiz Nilton
Término indicativo de función/relación autor
9 (RLIN) 198255
245 10 - MENCIÓN DE TÍTULO
Título Azorianos en Santo Domingo :
Resto del título la saga de los emigrantes azorianos en la República Dominicana en 1940 /
Mención de responsabilidad, etc. Luiz Nilton Corrêa
260 ## - PUBLICACIÓN, DISTRIBUCIÓN, ETC.
Lugar de publicación, distribución, etc. Santo Domingo :
Nombre del editor, distribuidor, etc. Academia Dominicana de la Historia,
Fecha de publicación, distribución, etc. 2025
300 ## - DESCRIPCIÓN FÍSICA
Extensión 241 páginas
505 ## - NOTA DE CONTENIDO CON FORMATO
Nota de contenido con formato 1. Las azores y la emigración |<br/>2. Trujillo y la politica población dominicana |<br/>3. Proceso migratorio |<br/>4. Sanmiguelenses en Santo Domingo |<br/>5. Presiones y regreso |
650 #7 - PUNTO DE ACCESO ADICIONAL DE MATERIA--TÉRMINO DE MATERIA
Fuente del encabezamiento o término lemb
Término de materia o nombre geográfico como elemento de entrada Migración e inmigración
Subdivisión geográfica República Dominicana
9 (RLIN) 198259
942 ## - ELEMENTOS DE PUNTO DE ACCESO ADICIONAL (KOHA)
Fuente del sistema de clasificación o colocación Sistema de Clasificación Decimal Dewey
Tipo de ítem Koha Libro (general)
Existencias
Estado de retiro Estado de pérdida Fuente del sistema de clasificación o colocación No para préstamo Código de colección Localización permanente Fecha de adquisición Total de préstamos Signatura topográfica completa Código de barras Fecha visto por última vez Número de copia Precio válido a partir de Tipo de ítem Koha
  Disponible Sistema de Clasificación Decimal Dewey   General - Libros dominicanos Biblioteca Central UNIBE 07/08/2025   RD 304.8 C824a 250938 07/08/2025 Ej. 1 07/08/2025 Libro (general)